[Event "HUN-chT 2018-19"]
[Site "Szombathely"]
[Date "2018.11.18"]
[Round "2"]
[White "Areshchenko, Alexander"]
[Black "Kovchan, Alexander"]
[Result "1-0"]
[WhiteElo "2652"]
[BlackElo "2579"]
[Annotator "TA"]
[PlyCount "77"]
[EventDate "2018.11.16"]
[EventType "team-tourn"]
[EventCountry "HUN"]
[SourceTitle "playchess.com"]
[Source "ChessBase"]
[SourceQuality "1"]

{[%evp 24,77,32,30,56,31,37,24,24,13,41,29,35,33,42,37,49,38,64,43,62,60,93,95,98,100,143,137,177,7,55,40,43,22,97,90,256,257,697,677,780,775,758,758,908,865,850,856,940,724,1108,666,646,637,964,808]} 1. e4 c5 2. Nf3 Nc6 3. Bb5 g6 4. Bxc6 bxc6 5. O-O Bg7 6. Re1 Nh6 7. c3 O-O 8. h3 f6 9. d4 cxd4 10. cxd4 Rb8 11. Nc3 d6 12. b3 Nf7 {B31: Sicilian: 2...Nc6 3 Bb5 g6} 13. Be3 {[#] LiveBook: 7 Games} f5 $146 ({Predecessor:} 13... Bd7 14. Rc1 {0-1 (51) Xu,Y (2482)-Wen,Y (2605) Shenzhen 2017}) 14. e5 dxe5 {White is slightly better.} 15. Nxe5 Nxe5 16. dxe5 Qxd1 17. Raxd1 Bxe5 18. Na4 Bd6 19. Bxa7 Rb5 20. Rc1 f4 21. f3 Rd5 22. Bc5 Rd2 23. Nb6 Bxc5+ 24. Rxc5 Bf5 25. Rxc6 Rfd8 26. a4 $2 (26. Rxe7 $18 {Black must now prevent Rcc7.} Rxa2 27. Rcc7) 26... Rb2 (26... Ra2 $5 {[%cal Rd8d2]} 27. Nc4 Kf8 $18) 27. Nc4 $1 {[%cal Rc4b2]} Rxb3 28. a5 $36 {[%cal Ba4a5,Ba5a6][%mdl 2080] White fights for an advantage.} Rb4 (28... Rd7 $11 {keeps the balance.}) 29. Rc7 $16 ({Much weaker is} 29. Rxe7 $6 Rd1+ 30. Kf2 Rbb1 $11) 29... e5 $2 (29... e6 $16) 30. Nxe5 $18 {[#] Hoping for Nc6.} Rb2 $2 (30... Ra8 31. Nc6 Rb1 32. Rxb1 Bxb1) 31. Nc6 {White is clearly winning.} Rc2 32. a6 ({Not} 32. Nxd8 Rxc7 33. Kh2 Kf8 $16) 32... Ra8 33. Ree7 Rc1+ 34. Kh2 {[#] Rg7+ would kill now.} g5 35. Re5 Bc2 36. Rxg5+ Kf8 37. Nd4 {Intending Ne6+ and mate.} Rxa6 38. Rxc2 Rd1 39. Rf5+ {Precision: White = 66%, Black = 31%.} 1-0

[Event "HUN-chT 2018-19"]
[Site "Szombathely"]
[Date "2018.11.18"]
[Round "2"]
[White "Parligras, Mircea-Emilian"]
[Black "Grigoriants, Sergey"]
[Result "1-0"]
[WhiteElo "2645"]
[BlackElo "2543"]
[Annotator "TA"]
[PlyCount "71"]
[EventDate "2018.11.16"]
[EventType "team-tourn"]
[EventCountry "HUN"]
[SourceTitle "playchess.com"]
[Source "ChessBase"]
[SourceQuality "1"]

{[%evp 30,71,0,0,9,-12,0,0,34,0,30,32,45,33,43,38,98,97,199,185,254,255,273,271,642,643,670,663,619,583,1211,1121,29973,29974,29974,29975,29975,29976,29975,29974,29978,29979,29996,29997]} 1. d4 Nf6 2. c4 e6 3. Nf3 d5 4. Nc3 c5 5. cxd5 Nxd5 6. e3 Nc6 7. Bd3 Be7 8. O-O O-O 9. a3 Nxc3 10. bxc3 b6 11. Bb2 Bb7 12. Qe2 Bf6 {E12: Queen's Indian: Unusual White 4th moves, 4 a3, 4 Nc3 Bb7 5 a3 and 4 Nc3 Bb7} (12... Na5 13. e4 Qc7 14. Rfe1 Rfd8 15. Rad1 Bf8 16. h4 h6 17. h5 cxd4 18. cxd4 Rac8 19. d5 exd5 20. e5 {½-½ (89) Kovalenko,I (2659)-Kravtsiv,M (2657) Martuni 2017}) 13. Rad1 cxd4 14. cxd4 Rc8 15. Rfe1 Na5 16. e4 {LiveBook: 30 Games} Qe7 17. g3 g6 18. h4 Rfd8 19. h5 Bg7 20. hxg6 $146 ({Predecessor:} 20. Bb5 Bc6 21. Ba6 Bb7 22. Bb5 Bc6 23. Ba6 Bb7 24. Bb5 {½-½ (25) Nestorovic,D (2364)-Dizdarevic,E (2458) Sarajevo 2018}) 20... hxg6 21. Kg2 Nb3 {[%cal Rb3d4]} 22. Bb1 Qc7 (22... Na5 $1 $14) 23. Rh1 $16 Qc4 {[#]} (23... e5 $16) 24. Qe3 $1 $18 Nc5 (24... Na5 {keeps fighting.}) 25. Qf4 (25. dxc5 Rxd1 26. Rxd1 Bxb2 $16) 25... Qb3 26. Ba1 ({Weaker is} 26. Ng5 f6 $11) 26... f5 $2 (26... Nd7 27. Rd3 (27. Ng5 f6 $11) 27... Qb5) 27. Qh4 Nxe4 {[#]} 28. d5 $1 {[%mdl 512] Intending Qh7+ and mate.} Nc3 {...Kf8 is the strong threat.} (28... Bxd5 29. Qh7+) 29. Ba2 {[%mdl 64] Deflection} Qxa2 30. Bxc3 $1 {White threatens Qh7+ and mate.} e5 31. Bxe5 {White mates.} Bxe5 32. Qh7+ Kf8 33. Nxe5 {[%csl Ge5][%cal Rh7f7]} Bxd5+ 34. Kg1 Bf7 35. Qh8+ Ke7 {[#]} 36. Nc6+ $1 {[%mdl 512] Accuracy: White = 93%, Black =  9%.} 1-0

[Event "HUN-chT 2018-19"]
[Site "Szombathely"]
[Date "2018.11.18"]
[Round "2"]
[White "Balogh, Csaba"]
[Black "Peczely, Sebastian Zsombor"]
[Result "1-0"]
[WhiteElo "2629"]
[BlackElo "2254"]
[Annotator "TA"]
[PlyCount "51"]
[EventDate "2018.11.16"]
[EventType "team-tourn"]
[EventCountry "HUN"]
[SourceTitle "playchess.com"]
[Source "ChessBase"]
[SourceQuality "1"]

{[%evp 24,51,50,49,55,30,65,46,527,492,514,522,496,491,767,779,885,884,839,787,2588,942,920,881,29989,29990,29990,29991,29991,29992]} 1. e4 e5 2. Nf3 Nc6 3. Bb5 {[%cal Bf1b5,Bb5a4,Ba4b3][%mdl 32]} a6 4. Ba4 Nge7 5. O-O g6 6. c3 Bg7 7. d4 exd4 8. cxd4 b5 {C60: Ruy Lopez: Unusual Black 3rd moves and 3...g6} 9. Bb3 O-O 10. Nc3 d6 11. Nd5 (11. h3 Na5 12. Bc2 c5 13. dxc5 dxc5 14. Qxd8 Rxd8 {0-1 (65) Vachier Lagrave,M (2789)-Mamedyarov,S (2808) Leuven 2018}) 11... h6 12. Nxe7+ Nxe7 13. Be3 {LiveBook: 7 Games} Bb7 14. Qd3 Kh7 15. Rac1 f5 $2 {[%mdl 8192] [#]} ({Better is} 15... Ng8 $14) 16. Ng5+ $1 $18 {[%mdl 512]} hxg5 17. Bxg5 {White threatens Qh3+ and mate.} d5 $146 18. exd5 {[%cal Be4d5,Bd5d6][%mdl 32]} Bf6 (18... Qd6 $2 19. Qh3+ Kg8 20. Bxe7) (18... Bxd5 $142 19. Qh3+ Kg8 20. Bxe7 Qd7 21. Bxf8 Rxf8 22. Rxc7 Qe6 23. Bxd5 Qxd5) 19. Qh3+ Kg7 20. Qh6+ Kf7 21. d6+ Nd5 22. Rxc7+ (22. Qh7+ $142 Ke6 23. Bf4) 22... Qxc7 23. Bxf6 ({Not} 23. dxc7 Rh8 $17) 23... Qd7 24. Qg7+ {White mates.} Ke6 25. Re1+ Kxd6 26. Be5+ {Accuracy: White = 79%, Black = 31%.} 1-0

[Event "HUN-chT 2018-19"]
[Site "Szombathely"]
[Date "2018.11.18"]
[Round "2"]
[White "Vovk, Andriy"]
[Black "Babula, Vlastimil"]
[Result "1/2-1/2"]
[WhiteElo "2624"]
[BlackElo "2538"]
[Annotator "TA"]
[PlyCount "58"]
[EventDate "2018.11.16"]
[EventType "team-tourn"]
[EventCountry "HUN"]
[SourceTitle "playchess.com"]
[Source "ChessBase"]
[SourceQuality "1"]

{[%evp 21,58,25,20,11,22,19,25,20,16,20,21,-16,-16,-83,-48,-45,-50,-45,-40,-59,-57,-80,-10,-14,-15,-14,-8,-47,-45,-64,-39,-54,28,0,54,0,0,0,32]} 1. e4 c5 2. Nf3 e6 3. d4 cxd4 4. Nxd4 a6 5. Bd3 Bc5 6. Nb3 Ba7 7. Qe2 Nc6 8. Be3 Bxe3 9. Qxe3 Nf6 10. Nc3 d6 11. O-O-O b5 {[%cal Bb7b5,Bb5b4][%mdl 32] LiveBook: 3 Games. B42: Sicilian: Kan Variation: 5 Bd3} (11... e5 12. g3 Be6 13. f4 b5 14. Kb1 Rb8 15. Be2 O-O 16. f5 Bxb3 17. axb3 Nd4 18. g4 b4 19. Na4 {1-0 (51) Swiercz,D (2627)-Vachier Lagrave,M (2713) Caleta 2013 CBM 153 [Saunders,J]}) 12. Be2 O-O 13. g4 {[%cal Bg2g4,Bg4g5][%mdl 32]} b4 14. g5 Ne8 15. Na4 Rb8 16. f4 Qc7 17. Rd2 (17. e5 $11 {keeps the balance.}) 17... e5 $146 ({Predecessor:} 17... Ne7 18. Rhd1 Qc6 19. Qa7 Rb7 20. Qxa6 Qxe4 {½-½ (61) Tseshkovsky,V (2595)-Suetin,A (2500) Sochi (Russia) 1980}) 18. Rhd1 exf4 19. Qxf4 Ne5 20. Nd4 Bd7 21. b3 {[#]} Bxa4 (21... f6 $1 $17) 22. bxa4 $11 d5 23. Qg3 dxe4 {And now ...e3! would win.} 24. Nb3 f5 {aiming for ...f4.} 25. gxf6 $1 Nxf6 26. Bxa6 Qa7 (26... Kh8 $15) 27. Rd6 Nf3 (27... Nfg4 $11) 28. Kb1 ({White should play} 28. Rc6 $1 $14) 28... Kh8 29. a5 Qe3 {Precision: White = 47%, Black = 48%.} 1/2-1/2

[Event "HUN-chT 2018-19"]
[Site "Szombathely"]
[Date "2018.11.18"]
[Round "2"]
[White "Onischuk, Vladimir"]
[Black "Kryvoruchko, Yuriy"]
[Result "1-0"]
[WhiteElo "2623"]
[BlackElo "2698"]
[Annotator "TA"]
[PlyCount "57"]
[EventDate "2018.11.16"]
[EventType "team-tourn"]
[EventCountry "HUN"]
[SourceTitle "playchess.com"]
[Source "ChessBase"]
[SourceQuality "1"]

{[%evp 19,57,12,15,0,0,0,0,0,0,-29,0,0,0,-9,-10,-17,0,0,29999,0,12,3,26,0,42,0,0,0,0,0,0,0,0,0,0,3,125,119,488,492]} 1. e4 e5 2. Nf3 Nc6 3. Bb5 Nf6 4. d3 Bc5 5. c3 O-O 6. O-O d6 7. Nbd2 Ne7 {C65: Ruy Lopez: Berlin Defence (3...Nf6), unusual lines and 4 0-0 Bc5} (7... a6 8. Bxc6 bxc6 9. d4 exd4 10. cxd4 Bb6 11. Qc2 Re8 12. Re1 c5 13. d5 Bg4 14. b3 Ba5 15. Re3 {½-½ (37) Vitiugov,N (2730)-Jakovenko,D (2748) Satka 2018}) 8. d4 exd4 9. cxd4 Bb6 10. Re1 c6 {LiveBook: 3 Games} 11. Ba4 Bg4 $146 ({Predecessor:} 11... Ng6 12. h3 Ba5 13. a3 b5 14. Bc2 Bb7 15. b4 {1-0 (37) Toth,A (2013)-Janovskis,D (1542) Riga 2018}) 12. h3 Bh5 13. Bc2 h6 14. Rb1 Qd7 15. Nc4 d5 16. Nce5 Qd6 17. exd5 $1 Nfxd5 18. Qd3 {[%csl Gc2][%cal Rd3h7]} Bxf3 $4 {[%mdl 8192] [#]} (18... Bg6 $11 19. Nxg6 Nxg6) 19. Nxf3 $2 (19. Qh7# {mates}) 19... Ng6 20. Bd2 Rad8 21. Rbd1 c5 22. g3 cxd4 23. Kg2 Rfe8 24. Bb3 Rxe1 25. Rxe1 Qc6 26. Qf5 d3 27. h4 Qc5 {[#]} (27... Qf6 $11 {keeps the balance.} 28. Qh5 Qc6) 28. Ne5 $1 $16 {[%mdl 1024] White has strong compensation.} Rf8 $2 {[%mdl 8192]} ({But not} 28... Ngf4+ $2 29. Bxf4 Qxf2+ {[%mdl 64] Double Attack} 30. Kh3 $18) (28... Nh8 $16 {is a better chance.}) 29. Nxg6 {[%mdl 64] Pin. Accuracy: White = 57%, Black = 37%.} 1-0

[Event "HUN-chT 2018-19"]
[Site "Szombathely"]
[Date "2018.11.18"]
[Round "2"]
[White "Indjic, Aleksandar"]
[Black "Nemeth, Miklos"]
[Result "1-0"]
[WhiteElo "2618"]
[BlackElo "2486"]
[Annotator "TA"]
[PlyCount "75"]
[EventDate "2018.11.16"]
[EventType "team-tourn"]
[EventCountry "HUN"]
[SourceTitle "playchess.com"]
[Source "ChessBase"]
[SourceQuality "1"]

{[%evp 15,75,53,58,32,35,12,71,61,68,70,88,98,93,77,83,77,77,71,82,83,85,73,94,91,91,78,94,87,175,183,204,198,179,127,213,215,206,210,188,178,228,219,264,272,273,272,361,370,443,347,436,436,627,623,622,621,749,716,1732,1183,29984,1573]} 1. d4 Nf6 2. c4 e6 3. Nf3 b6 4. a3 Bb7 5. Nc3 g6 6. Qc2 Bg7 7. e4 O-O 8. Bd3 {E12: Queen's Indian: Unusual White 4th moves, 4 a3, 4 Nc3 Bb7 5 a3 and 4 Nc3 Bb7} (8. Be2 d5 9. cxd5 exd5 10. e5 Ne4 11. O-O c5 12. dxc5 bxc5 13. Rd1 Nxc3 14. bxc3 Nd7 15. Rb1 Bc6 {0-1 (43) Wang,Y (2718)-Mamedyarov,S (2747) Huaian 2016}) 8... d6 {LiveBook: 24 Games} 9. h3 a6 $146 ({Predecessor:} 9... Nbd7 10. Be3 e5 11. O-O Nh5 12. Rfe1 exd4 13. Nxd4 Nc5 14. Rad1 Re8 15. b4 Nxd3 16. Qxd3 {½-½ (40) Esen,B (2565)-Bartel,M (2626) Warsaw 2013}) 10. Bg5 {White is slightly better.} Qe8 (10... c5 $11) 11. O-O $16 Nc6 12. d5 Ne5 13. Nxe5 dxe5 14. b4 exd5 15. Nxd5 Nxd5 16. cxd5 Qd7 17. Rfd1 c6 18. d6 Qxd6 {[#]} 19. Bxa6 $1 {[%mdl 512]} Qc7 (19... Rxa6 20. Rxd6) 20. Bc4 h6 21. Be3 Rfd8 (21... Rfc8 $16 {keeps fighting.}) 22. Rxd8+ $1 $18 Rxd8 {[#]} 23. a4 $1 Ra8 24. Qc3 ({White should try} 24. Rb1 $18) 24... Bf8 (24... c5 $16) 25. a5 bxa5 26. bxa5 ({Resist} 26. Rxa5 $6 h5 $16) 26... c5 {[#]} 27. Qd3 $1 Rd8 28. Qc2 Qc6 29. f3 Ba6 30. Rb1 {Hoping for Rb6.} Qd6 31. Kf2 {[%cal Bg1f2,Bf2g3,Bg3h2][%mdl 32]} Qf6 32. Kg3 Be7 ({Don't play} 32... Bxc4 33. Qxc4 Rd6 34. Qxc5) 33. Rb6 Qh4+ (33... Rd6 $142 34. Bxa6 Rxb6) 34. Kh2 Bxc4 35. Qxc4 Bd6 36. Rb7 Be7 37. a6 Rd4 38. Qb5 {Accuracy: White = 86%, Black = 41%.} (38. Bxd4 $142 exd4 39. g3 Qf6 40. a7 Kh7 41. a8=Q Kg7 42. Rb8 Bf8 43. Rxf8) 1-0

[Event "HUN-chT 2018-19"]
[Site "Szombathely"]
[Date "2018.11.18"]
[Round "2"]
[White "Erdos, Viktor"]
[Black "Zakarias, David"]
[Result "1/2-1/2"]
[WhiteElo "2604"]
[BlackElo "2312"]
[Annotator "TA"]
[PlyCount "101"]
[EventDate "2018.11.16"]
[EventType "team-tourn"]
[EventCountry "HUN"]
[SourceTitle "playchess.com"]
[Source "ChessBase"]
[SourceQuality "1"]

{[%evp 13,101,41,39,31,38,33,41,30,32,37,68,66,87,68,111,64,65,70,158,130,130,130,130,130,125,125,128,122,143,131,140,157,144,154,179,176,172,177,271,280,270,219,217,170,164,172,151,170,297,285,285,285,472,134,293,283,667,667,660,567,849,774,714,462,462,443,460,419,667,660,660,604,29972,29975,29972,1623,29975,29976,29980,29981,29982,29983,29983,29984,29984,29985,29985,29986,29986,29987]} 1. Nf3 Nf6 2. c4 c5 3. Nc3 d5 4. cxd5 Nxd5 5. d4 cxd4 6. Qxd4 Nxc3 7. Qxc3 {A34: Symmetrical English: 2 Nc3, lines with ...d5} Bf5 {LiveBook: 12 Games} (7... Nc6 8. e4 Bg4 9. Bb5 Rc8 10. O-O a6 11. Ba4 b5 12. Rd1 Qc7 13. Bb3 e5 14. Bd5 Nd4 15. Qxc7 Rxc7 16. Be3 Bxf3 17. gxf3 {1-0 (46) Nielsen,P (2681)-Kempinski,R (2600) Eretria 2011}) 8. g4 $146 ({Predecessor:} 8. Ne5 Qc8 9. Qb3 Be6 10. Qa4+ Nd7 11. Bf4 f6 12. Rc1 Qd8 13. Nd3 Bd5 14. Nb4 Be4 {1-0 (41) Gordievsky,D (2562)-Lomasov,S (2441) Moscow 2017}) 8... Be4 9. Bg2 {White is slightly better.} Nc6 10. O-O Qd6 11. Be3 {Rfd1 is the strong threat.} e5 12. Rfd1 Qb4 13. Rac1 h5 14. h3 (14. Qxb4 {feels hotter.} Bxb4 15. Rc4 hxg4 16. Nxe5 Bxg2 17. Kxg2 Nxe5 18. Rxb4 b6 19. Rd5) 14... hxg4 15. hxg4 $40 {[%mdl 128] White attacks.} f6 ({Black should try} 15... Qxc3 $14 16. Rxc3 g6) 16. Qxb4 Nxb4 {[#]} 17. Nxe5 $1 {[%mdl 512]} Bxg2 (17... fxe5 18. Bxe4) 18. Ng6 Rh1+ 19. Kxg2 Rxd1 20. Rxd1 b6 21. Bf4 Nc6 22. Nxf8 Kxf8 $16 {[%mdl 4096] Endgame KRB-KRN} 23. Rd7 Rc8 24. g5 fxg5 25. Bxg5 Ne5 (25... Re8 $142 26. e3 Re6) 26. Rxa7 $18 Rc2 27. Be7+ Kg8 28. Bd6 Nf7 29. Bc7 Rxb2 30. a4 {[%cal Ba2a4,Ba4a5,Ba5a6,Ba6a7][%mdl 32]} b5 (30... Kf8 $142 31. e3 Ke8) 31. Rb7 b4 32. a5 b3 $2 (32... Ra2 {keeps fighting.} 33. Rxb4 Kf8) 33. Rb4 $2 (33. a6 $18 {and White stays clearly on top.} Ra2 34. a7) 33... Rc2 $2 (33... Rb1 $16 34. Bb6 Ne5) 34. Bb6 ({Weaker is} 34. Rxb3 Rxc7 35. Rb8+ Kh7 $11) 34... Rxe2 $2 (34... Nd6 35. Rxb3 Ra2) 35. a6 Ra2 36. a7 Nd6 37. Bc5 Kf7 38. Bxd6 Rxa7 39. Rxb3 {KRB-KR} Rd7 40. Rf3+ Kg6 (40... Ke6 $142 41. Bc5 Rb7) 41. Be5 Re7 42. Rg3+ Kh7 43. f4 Ra7 44. Rg4 (44. Kf3 $142 Rd7 45. Kg4 Kg6 46. Rg1 Re7 47. Kf3+ Kh6 48. Ke4 Re8 49. f5) 44... Rd7 45. Kf3 {White mates.} Rb7 46. Ke4 Ra7 47. Kf5 Rf7+ 48. Ke6 Ra7 {[#]} 49. Rxg7+ $1 Rxg7 50. Bxg7 Kxg7 51. f5 {[%mdl 32768] Precision: White = 75%, Black = 38%. . An unexpected result.} 1/2-1/2

[Event "HUN-chT 2018-19"]
[Site "Szombathely"]
[Date "2018.11.18"]
[Round "2"]
[White "Hera, Imre Jr."]
[Black "Vovk, Yuri"]
[Result "1/2-1/2"]
[WhiteElo "2598"]
[BlackElo "2565"]
[Annotator "TA"]
[PlyCount "43"]
[EventDate "2018.11.16"]
[EventType "team-tourn"]
[EventCountry "HUN"]
[SourceTitle "playchess.com"]
[Source "ChessBase"]
[SourceQuality "1"]

{[%evp 14,43,12,21,18,34,45,50,44,39,41,32,68,56,60,51,37,29,36,0,0,11,40,0,22,0,0,0,0,0,0,-68]} 1. Nf3 Nf6 2. g3 b6 3. Bg2 Bb7 4. O-O e6 5. d3 d5 6. Nbd2 Be7 7. e4 dxe4 8. dxe4 Nc6 {A05: Réti Opening: 1 Nf3 Nf6} 9. Qe2 (9. a3 a5 10. e5 Nd7 11. Re1 Nc5 12. Qe2 O-O 13. h4 h6 14. Nf1 a4 15. N1h2 Qc8 16. Ng4 {1-0 (26) Nakamura,H (2785)-Bacrot,E (2708) Paris 2017}) 9... Nd4 10. Nxd4 Qxd4 {White is slightly better.} 11. Re1 {[#] And now e5 would win.} Nd7 $146 ({Predecessor:} 11... O-O-O 12. e5 Nd7 13. Nf3 Qa4 14. b3 Qa6 15. Qe3 {½-½ (31) Zetocha,C (2390)-Cibulka,V (2309) Slovakia 2001}) 12. Nf3 Qc5 13. Be3 Qa5 14. Bd2 Qh5 15. Bf4 O-O-O 16. a4 a5 17. h3 f6 18. e5 fxe5 {The position is equal.} 19. Nxe5 Qxe2 20. Rxe2 g5 {[#] Strongly threatening ...Bxg2.} 21. Nxd7 gxf4 22. Ne5 {Accuracy: White = 73%, Black = 70%.} (22. Bxb7+ $11 Kxb7 23. Ne5 fxg3 24. fxg3) 1/2-1/2

[Event "HUN-chT 2018-19"]
[Site "Szombathely"]
[Date "2018.11.18"]
[Round "2"]
[White "Sedlak, Nikola"]
[Black "Kovacevic, Blazimir"]
[Result "1-0"]
[WhiteElo "2595"]
[BlackElo "2497"]
[Annotator "TA"]
[PlyCount "59"]
[EventDate "2018.11.16"]
[EventType "team-tourn"]
[EventCountry "HUN"]
[SourceTitle "playchess.com"]
[Source "ChessBase"]
[SourceQuality "1"]

{[%evp 13,59,32,39,14,6,0,0,0,0,-19,0,-8,-11,-17,-6,-39,-35,-42,-37,-39,-2,-21,21,24,12,-25,22,12,28,27,62,55,39,28,93,104,83,89,87,93,91,110,194,181,183,129,936,927]} 1. d4 e6 2. Nf3 Nf6 3. e3 b6 4. Bd3 Bb7 5. O-O c5 6. c4 d6 7. Nc3 Nbd7 {LiveBook: 111 Games} 8. Ng5 {E14: Queen's Indian: Classical Variation (4 e3)} (8. b3 a6 9. Bb2 g6 10. d5 exd5 11. Nxd5 Bxd5 12. cxd5 Bg7 13. e4 O-O 14. h3 b5 15. Re1 Rb8 16. Bc2 {0-1 (83) Cramling,P (2525)-Hou,Y (2629) Beijing 2013}) 8... Be7 9. f4 h6 $146 ({Predecessor:} 9... O-O 10. d5 exd5 11. cxd5 h6 12. h4 a6 13. Rf3 b5 14. e4 c4 15. Bc2 Ng4 {0-1 (30) Bellon Lopez,J (2381)-Akesson,R (2457) Stockholm 2015}) 10. Nf3 {The position is equal.} O-O 11. Bd2 d5 12. cxd5 Nxd5 13. Nxd5 Bxd5 14. f5 exf5 15. Bxf5 Nf6 16. Bc3 Ne4 17. Qd3 c4 18. Qc2 Nd6 19. Bh7+ Kh8 {aiming for ...g6.} 20. e4 Kxh7 21. exd5+ {[%mdl 64] Discovered Attack} f5 22. Ne5 $36 {[%mdl 2048] White is more active.} g6 23. Bb4 Qc7 (23... a5 $1 $11 {remains equal.} 24. Bxd6 Qxd6) 24. Rae1 $16 {And now Nxg6! would win.} Ne4 25. Bxe7 Qxe7 26. Qxc4 Rac8 27. Qa4 Rcd8 {[#]} (27... Kg7 $16 {might work better.} 28. g3 h5) 28. Nc6 $1 $18 {[%cal Rc6e7]} Qd7 29. Qa3 (29. Qb4 $18 {Strongly threatening Rxe4.} Qxd5 30. Nxd8 Rxd8 31. Qe7+ Kg8 32. Rd1) 29... Ra8 $2 {[%mdl 8192] [#]} (29... Qxd5 $16 30. Nxd8 (30. Qxa7+ Rd7 $11) 30... Qxd4+ 31. Qe3 Qxd8) 30. Rxe4 $1 {[%mdl 576] Pin. Accuracy: White = 66%, Black = 46%.} 1-0

[Event "HUN-chT 2018-19"]
[Site "Szombathely"]
[Date "2018.11.18"]
[Round "2"]
[White "Hracek, Zbynek"]
[Black "Gledura, Benjamin"]
[Result "1/2-1/2"]
[WhiteElo "2569"]
[BlackElo "2622"]
[Annotator "TA"]
[PlyCount "52"]
[EventDate "2018.11.16"]
[EventType "team-tourn"]
[EventCountry "HUN"]
[SourceTitle "playchess.com"]
[Source "ChessBase"]
[SourceQuality "1"]

{[%evp 27,52,36,35,16,37,41,42,45,25,12,7,14,9,-9,-19,-23,-24,-22,20,31,25,33,16,14,43,45,53]} 1. e4 e5 2. Nf3 Nc6 3. Bb5 {[%cal Bf1b5,Bb5a4,Ba4b3,Bb3a2][%mdl 32]} a6 4. Ba4 Nf6 5. O-O Be7 6. Re1 b5 7. Bb3 O-O 8. a4 Bb7 9. d3 d6 10. Nbd2 {[%cal Bb1d2,Bd2f1,Bf1e3][%mdl 32]} Na5 11. Ba2 c5 12. Nf1 b4 {C88: Closed Ruy Lopez: Anti-Marshall Systems} 13. c3 bxc3 14. bxc3 Rb8 {LiveBook: 4 Games} 15. Ne3 Bc8 16. d4 Qc7 17. dxe5 dxe5 {[#]} 18. Qe2 $146 ({Predecessor:} 18. Nc4 Nd7 19. Nfd2 Nxc4 20. Nxc4 {1-0 (39) Vachier Lagrave,M (2713)-Stefanova,A (2516) Caleta 2013}) 18... Bb7 19. Nd5 Bxd5 20. Bxd5 c4 21. Be3 Nxd5 22. exd5 Bd6 23. Ng5 h6 24. Ne4 {Black must now prevent Nf6+!} f5 25. Nxd6 Qxd6 26. Rad1 Rfe8 {Precision: White = 73%, Black = 57%.} 1/2-1/2

[Event "HUN-chT 2018-19"]
[Site "Szombathely"]
[Date "2018.11.18"]
[Round "2"]
[White "Aczel, Gergely"]
[Black "Koszta, Benedek"]
[Result "1-0"]
[WhiteElo "2549"]
[BlackElo "1905"]
[Annotator "TA"]
[PlyCount "115"]
[EventDate "2018.11.16"]
[EventType "team-tourn"]
[EventCountry "HUN"]
[SourceTitle "playchess.com"]
[Source "ChessBase"]
[SourceQuality "1"]

{[%evp 21,115,38,65,73,89,50,42,45,95,93,119,106,221,213,258,267,283,198,207,222,175,40,75,83,131,44,43,35,41,41,52,40,45,45,127,134,127,112,132,135,127,127,110,106,109,95,109,107,113,120,158,158,186,191,225,221,229,193,271,272,389,297,205,300,350,168,239,200,196,111,143,141,471,450,672,664,1139,1139,1080,1079,1119,1032,1073,949,1715,831,6382,5081,29975,29973,29972,29976,29974,29974,29973,29974]} 1. d4 c5 2. d5 Nf6 3. c4 e6 4. Nc3 exd5 5. cxd5 d6 6. e4 g6 7. Bd3 Bg7 8. h3 O-O 9. Bg5 a6 10. a4 Nbd7 11. Nf3 {[%cal Bg1f3,Bf3d2,Bd2c4][%mdl 32]} Qc7 {LiveBook: 18 Games. A65: Modern Benoni: 6 e4} (11... Re8 12. O-O Qe7 13. Nd2 h6 14. Be3 Ne5 15. Be2 g5 16. f4 gxf4 17. Bxf4 Nfd7 18. Bh5 Rf8 19. Bh2 Rb8 20. Qe2 {0-1 (36) Aczel,G (2549)-Indjic,A (2611) Budapest 2017}) 12. O-O Rb8 13. Re1 Re8 {White is slightly better.} 14. Bf1 c4 15. a5 Nc5 {[%cal Rf6e4]} 16. Nd2 ({But not} 16. Bxc4 $6 Nfxe4 17. Nxe4 Nxe4 $11) 16... b5 $146 (16... Nd3 $16) ({Predecessor:} 16... Bd7 17. Qf3 Nh5 18. g4 h6 19. Be3 {1-0 (43) Varga,P (2465)-Simacek,P (2341) Slovakia 2000}) 17. axb6 $1 $18 Rxb6 18. Nxc4 Rb4 {[%cal Rf6e4]} 19. Bf4 Ncxe4 20. Nxe4 Nxe4 21. Ra4 (21. Qd3 $18 f5 22. f3) 21... Rxa4 22. Qxa4 Qd7 {[#]} 23. Qxd7 (23. Qc6 $1 $16) 23... Bxd7 $14 24. f3 $36 {[%mdl 2048] Black is under pressure.} Nf6 $1 25. Rxe8+ Nxe8 26. Nxd6 Bd4+ 27. Kh1 Nc7 (27... Nf6 $14) 28. Nxf7 $16 Nxd5 29. Be5 Bxe5 30. Nxe5 Bb5 31. Bxb5 axb5 {[%mdl 4096] Endgame KN-KN} 32. Kg1 Kg7 33. Kf2 Kf6 34. Nd3 g5 35. g4 h6 36. Kg3 Ne3 37. f4 gxf4+ 38. Kxf4 Nc4 39. h4 b4 (39... Ke6 {was called for.} 40. b4 Na3) 40. b3 ({Don't take} 40. Nxb4 $6 Nxb2 41. Nd5+ Kf7 $16) 40... Nd2 {[#]} (40... Na5 $142 41. Nxb4 Nxb3 42. Nd5+ Ke6) 41. Nc5 $1 $18 {[%cal Rc5e4] Ne4+ is the strong threat.} Kg6 42. Ke3 (42. Kg3 $142) 42... Nf1+ 43. Kf2 (43. Kf3 $142) 43... Nh2 44. Kg3 Nf1+ 45. Kg2 ({White should try} 45. Kf3 $18) 45... Ne3+ $16 46. Kf3 Nd5 $2 {[%mdl 8192]} (46... Nc2 $16 {is tougher.} 47. Ke4 Kf6) 47. Nd3 $18 {Black must now prevent Nf4+.} Kg7 (47... Kf7 $142 48. Ke4 Nf6+ 49. Kf4 Nd5+ 50. Ke4 Nf6+ 51. Kf4 Nd5+ 52. Kf3 h5) 48. Ke4 Nf6+ 49. Kf5 Nd5 50. Ke6 Ne3 51. Nxb4 Nxg4 52. Nd5 Nf2 53. h5 (53. b4 $142 Nd3 54. h5) 53... Nd3 54. b4 {[%cal Bb3b4,Bb4b5,Bb5b6][%mdl 32]} Nb2 55. b5 {White mates.} Nc4 56. b6 Na5 57. Ne7 Nb7 58. Nf5+ {Accuracy: White = 74%, Black = 22%.} 1-0